000 00668nam a2200157 i 4500
001 152123
003 ES-MaACL
005 20230906204538.0
008 051010s1903 sp |||| | spa d
100 1 _aBilse, O.
_9146716
245 1 0 _aPequeña guarnición
_b: novela de costumbres militares : precedida de los debates del Consejo de Guerra de Metz en los dias 9, 10 y 11 de noviembre de 1903 /
_cTeniete O. Bilse ; traducción de R. García Ibáñez.
260 _aValencia ;
_aMadrid :
_bF. Sempere y Compañía,
_c[1903?]
300 _a234 p. ;
_c19 cm.
700 0 _aGarcía Ibáñez, R.
_954785
852 _aES-MaACL
_jD-1502
_z. - Legado de Modesto de la Fuente
999 _c152123
_d152123